|
|
|
|
| LEADER |
00000cam a2200000 a 4500 |
| 001 |
70577 |
| 003 |
Ucuenca |
| 005 |
20230308165900.0 |
| 008 |
000000|1970 sp |||||r|||||||||||spa|| |
| 022 |
|
|
|a 84-219-0200-8
|
| 040 |
|
|
|b spa
|
| 041 |
1 |
|
|a es
|
| 082 |
0 |
|
|a 572
|
| 100 |
1 |
|
|a White, Abraham G.
|9 85321
|
| 245 |
1 |
1 |
|a Principios de Bioquímica
|c Abraham White, Philip Handler; traducido por R. Barrera Piñero, R. Rodríguez Solano.
|h imp
|
| 264 |
|
|
|a Madrid
|b Del Castillo
|c 1970
|
| 300 |
|
|
|a xiii, 1185 páginas:
|b ilu
|c 24 cm
|
| 504 |
|
|
|a incl. ref.
|
| 650 |
|
0 |
|a Bioquímica
|9 12766
|
| 700 |
1 |
|
|9 225322
|a Handler, Philip
|
| 700 |
1 |
|
|9 225323
|a Smith, Emil
|
| 852 |
|
|
|a UC-CDJBV
|f Compra
|l 1
|m General
|p 00000000
|r 2
|t 70577
|b 0
|d CDRC
|e CDRC
|g 572 SEGUNDO PISO
|z 0000-00-00
|
| 942 |
|
|
|c BK
|2 ddc
|z ivan.verdugo@ucuenca.edu.ec
|
| 999 |
|
|
|c 30329
|d 30329
|